Music Quiz

Random Music or Lyrics Quiz

My Way Quiz Stats

Quiz not verified by Sporcle

Challenge
Share
Tweet
Embed
Score 0/42 Timer 07:00
0 Plays Today
Lyrics Missing lyrics % Correct
-
97.3%
-
97.3%
-
97.3%
-
97.3%
-
97.3%
And now,the end is near,
90.7%
I did it my way.
90.7%
I did it my way.
90.7%
I did it my way.
90.7%
And did it my way.
90.7%
Yes, it was my way.
90.7%
And so I facethe final curtain.
89.3%
And did itmy way.
89.3%
I traveled each and every highway.
82.7%
And more, much more than this -
82.7%
And more, much more than this -
82.7%
Regrets,I've had a few,
80%
But then again ,too few to mention.
76%
When I bit off more than I could chew.
72%
I've liveda life that's full,
70.7%
I'll state my case,of which I'm certain.
68%
Lyrics Missing lyrics % Correct
I did what I had to do,
66.7%
I ate it up,and spit it out.
64%
Each careful step along the byway,
62.7%
Yes, there were times,I'm sure you knew
62.7%
For what is a man,what has he got?
62.7%
I faced it all,and I stood tall;
62.3%
My friend,I'll say it clear,
61.3%
And saw it through without exemption.
61.3%
But through it all ,when there was doubt,
58.7%
I planned each charted course,
58.7%
And may I say,not in a shy way.
56%
Oh no, oh no, not me -
56%
I've loved, I've laughed and cried,
54.7%
I find it all so amusing.
54.7%
To think I did all that,
54.7%
The record shows I took the blows -
54.7%
To say the things he truly feels;
52%
I've had my fill, my share of losing.
50.7%
And now,as tears subside,
49.3%
And not the words of one who kneels.
49.3%
If not himself, then he has naught.
30.7%

You're not logged in!

Compare scores with friends on all Sporcle quizzes.
Sign Up with Email
OR
Log In

You Might Also Like...

Show Comments

Extras

Top Quizzes Today


Score Distribution

Your Account Isn't Verified!

In order to create a playlist on Sporcle, you need to verify the email address you used during registration. Go to your Sporcle Settings to finish the process.